La ascensión de Stalin (Record no. 142205)

MARC details
000 -LEADER
campo de control de longitud fija 00691nam a22002171 4500
001 - NÚMERO DE CONTROL
campo de control 142205
003 - IDENTIFICADOR DE NÚMERO DE CONTROL
campo de control ES-MaACL
005 - FECHA Y HORA DE LA ÚLTIMA TRANSACCIÓN
campo de control 20230906200453.0
007 - CAMPO FIJO DE DESCRIPCIÓN FÍSICA--INFORMACIÓN GENERAL
campo de control de longitud fija t|
008 - DATOS DE LONGITUD FIJA--INFORMACIÓN GENERAL
campo de control de longitud fija 071003s1945 sp ||||0| spa d
016 7# - NÚMERO DE CONTROL DE UNA AGENCIA BIBLIOGRÁFICA NACIONAL
Número de control cancelado/no válido IND2000946675
040 ## - FUENTE DE CATALOGACIÓN
Centro catalogador/agencia de origen M-BN
Lengua de catalogación spa
Centro/agencia transcriptor CDM
080 ## - NÚMERO DE LA CLASIFICACIÓN DECIMAL UNIVERSAL
Número de la Clasificación Decimal Universal 92(Stalin, Josef)
100 1# - ENTRADA PRINCIPAL--NOMBRE DE PERSONA
Nombre de persona Windecke, Christian.
9 (RLIN) 117062
245 13 - MENCIÓN DEL TÍTULO
Título La ascensión de Stalin
Resto del título : (del seminario al Kremlim) /
Mención de responsabilidad, etc. Ch. Windecke ; traducción de M. Suárez y M. Rojas.
260 ## - PUBLICACIÓN, DISTRIBUCIÓN, ETC.
Lugar de publicación, distribución, etc. Madrid :
Nombre del editor, distribuidor, etc. M. L. C,
Fecha de publicación, distribución, etc. 1945 (
Fabricante Gráfica Literaria)
300 ## - DESCRIPCIÓN FÍSICA
Extensión 200 p., 6 h. de lám ;
Dimensiones 21 cm.
700 1# - ENTRADA AGREGADA--NOMBRE PERSONAL
Nombre de persona Suárez, M.
9 (RLIN) 108571
700 1# - ENTRADA AGREGADA--NOMBRE PERSONAL
Nombre de persona Rojas, M.
9 (RLIN) 99051
852 ## - LOCALIZACIÓN
Ubicación ES-MaACL
Número de control de estantería B-10287
Sublocalización o colección R.21963
Holdings
Estatus retirado Estado de pérdida Estado de daño No para préstamo Biblioteca de origen Biblioteca actual Ubicación en estantería Fecha de adquisición Fuente de adquisición Total de préstamos Signatura topográfica completa Código de barras Visto por última vez Precio de reemplazo Tipo de ítem Koha
        Biblioteca del Ateneo de Madrid Biblioteca del Ateneo de Madrid Sala Pardo Bazán 17/01/2008     B-10287 1147962 23/02/2023 23/02/2023 Libro impreso